सुन्दर रस : (Record no. 112769)
[ view plain ]
| 000 -LEADER | |
|---|---|
| fixed length control field | 01093nam a22002537a 4500 |
| 005 - DATE AND TIME OF LATEST TRANSACTION | |
| control field | 20170124102943.0 |
| 010 ## - LIBRARY OF CONGRESS CONTROL NUMBER | |
| LC control number | 671246 |
| 020 ## - INTERNATIONAL STANDARD BOOK NUMBER | |
| Terms of availability | 04.00 |
| 035 ## - SYSTEM CONTROL NUMBER | |
| System control number | 671246 |
| 037 ## - SOURCE OF ACQUISITION | |
| Source of stock number/acquisition | Cen Lib/Ret |
| 040 ## - CATALOGING SOURCE | |
| Original cataloging agency | DPL |
| Language of cataloging | HN |
| 082 ## - DEWEY DECIMAL CLASSIFICATION NUMBER | |
| Classification number | 822 |
| Item number | लालल |
| 100 ## - MAIN ENTRY--PERSONAL NAME | |
| Personal name | लाल, लक्ष्मीनारायण |
| 9 (RLIN) | 43556 |
| 245 ## - TITLE STATEMENT | |
| Title | सुन्दर रस : |
| Statement of responsibility, etc | लक्ष्मीनारायण लाल |
| Remainder of title | तीन अंकों का प्रहसन / |
| 246 ## - VARYING FORM OF TITLE | |
| Title proper/short title | Sundar ras : teen ankon ka prahasn / |
| Remainder of title | by Lakshminarayan Lal |
| 260 ## - PUBLICATION, DISTRIBUTION, ETC. (IMPRINT) | |
| Place of publication, distribution, etc | दिल्ली |
| Name of publisher, distributor, etc | भारतीय ज्ञानपीठ |
| Date of publication, distribution, etc | 1971 |
| 270 ## - ADDRESS | |
| Address | 3620/21, नेताजी सुभाष मार्ग |
| City | दिल्ली |
| Postal code | 110006 |
| 300 ## - PHYSICAL DESCRIPTION | |
| Extent | 83पृ. : |
| Dimensions | 17सेमी (सजिल्द) |
| Other physical details | सचित्र |
| 650 ## - SUBJECT ADDED ENTRY--TOPICAL TERM | |
| Topical term or geographic name as entry element | हिन्दी -- साहित्य |
| 9 (RLIN) | 49112 |
| 650 ## - SUBJECT ADDED ENTRY--TOPICAL TERM | |
| Topical term or geographic name as entry element | हिन्दी -- नाटक |
| 9 (RLIN) | 1413 |
| 650 ## - SUBJECT ADDED ENTRY--TOPICAL TERM | |
| Topical term or geographic name as entry element | Hindi - literature |
| 9 (RLIN) | 49113 |
| 650 ## - SUBJECT ADDED ENTRY--TOPICAL TERM | |
| Topical term or geographic name as entry element | Hindi -- drama |
| 9 (RLIN) | 49114 |
| 942 ## - ADDED ENTRY ELEMENTS (KOHA) | |
| Source of classification or shelving scheme | Dewey Decimal Classification |
| Koha item type | Hindi Books |
| Classification part | 822 |
| Call number suffix | लालल |
| Withdrawn status | Lost status | Damaged status | Not for loan | Home library | Current library | Date acquired | Source of acquisition | Cost, normal purchase price | Total Checkouts | Full call number | Barcode | Date last seen | Copy number | Cost, replacement price | Price effective from | Koha item type |
|---|---|---|---|---|---|---|---|---|---|---|---|---|---|---|---|---|
| Central Library | Central Library | 10/08/2015 | Cen Lib/Ret | 4.00 | 822 लालल | 671246 | 10/08/2015 | 1 | 4.00 | 10/08/2015 | Hindi Books |
